Das Baltikum literarisch - hier oder woanders? Die Raumgestaltung estnischer und baltischer Literatur am Beispiel von Eduard von Keyserling und Jaan Oks
| Titel: | Das Baltikum literarisch - hier oder woanders? Die Raumgestaltung estnischer und baltischer Literatur am Beispiel von Eduard von Keyserling und Jaan Oks |
|---|---|
| Verfasser: | |
| In: |
Baltisches Welterlebnis, (2007), Seite 253-268, Abb. alle Artikel anzeigen |
| Veröffentlicht: | 2007 |
| Format: | Aufsatz |
| Sprache: | Deutsch |
X
alg: 39172797 001A $01999:11-11-16 001B $01999:15-05-21 $t21:03:01.000 001D $01999:11-11-16 001U $0utf8 001X $00 002@ $0Aox 003@ $0391727974 007A $0391727974 $aHEB 007T $0Herdc0043168m 010@ $ager 011@ $a2007 021A $aDas @Baltikum literarisch - hier oder woanders? Die Raumgestaltung estnischer und baltischer Literatur am Beispiel von Eduard von Keyserling und Jaan Oks 028A $aLukas $dLiina 031A $h253-268, Abb. $j2007 039B $aIn $8--Aau--. Baltisches Welterlebnis. - Heidelberg : Winter, 2007. - 586 S.. - Ill.. - ISBN 978-3-8253-5376-6 $x200700000000000747 $9190652160 045F $a800 $eDDC23BSB 045F/01 $a800 045F/03 $g4798 045F/03 $g4796 lok: 39172797 78 exp: 39172797 78 1 #EPN 201B/01 $019-04-17 $t10:21:33.000 201U/01 $0utf8 203@/01 $078782271X 208@/01 $a11-11-16 $be 209A/01 $a/ $f000 $x00 220C/01 $aTitelaufnehmer: kk;sk 220C/01 $aHerkunft: HI Marburg 244Z/01 $2Trx $#Estija $#Igaunija $#Estland $#Estonia $#Estonia $#Estónsko $#Estonsko $8--Trx--Eesti $x01 $9391237225 244Z/01 $2Trx $#Latvija $#Lettland $#Łotwa $#Lotyšsko $8--Trx--Latvija $x02 $9391275879 244Z/01 $2Trx $#Baltijos regionas $#Strefa bałtycka $#Region Bałtyku $8--Trx--Ostseeraum $x03 $9391309870 244Z/01 $2Trx $8--Trx--Keyserling, Eduard von$Z1855-1918 $x04 $9390880353 244Z/01 $2Trx $8--Trx--Oks, Jaan$Z1884-1918 $x05 $9391047299 244Z/01 $2Trx $#kirjanikud $#rašytojai $#writers $#írók $#pisarze $#spisovatelia $#spisovatelé $8--Trx--Schriftsteller $x06 $9391382659 244Z/01 $2Trx $#kirjandus, Eesti $#literatūra, estų $#Literature, estonian $#irodalom, észt $#literatura estońska $#literatúra estónska $#literatura estonská $8--Trx--Literatur, estnische $x07 $9391359819 244Z/01 $2Trx $8--Trx--Einzelbeiträge $x08 $9391384570 245Z/01 $a11.08 $x01 247C/01 $82080>Marburg/Lahn, Herder-Institut, Forschungsbibliothek, Bibliographieportal $9336309341
| LEADER | 00000caa a22000002c 4500 | ||
|---|---|---|---|
| 001 | 391727974 | ||
| 003 | DE-603 | ||
| 005 | 20210515210301.0 | ||
| 007 | tu | ||
| 008 | 161111s2007 xx |||| | u00||u|ger c | ||
| 035 | |a (DE-599)HEB391727974 | ||
| 040 | |a DE-603 |b ger |c DE-603 |d DE-603 | ||
| 041 | |a ger | ||
| 082 | 0 | 4 | |8 1\u |a 800 |q DE-101 |2 23/BSB |
| 085 | |8 1\u |b 800 | ||
| 085 | |8 1\u |z 2 |s 4798 | ||
| 085 | |8 1\u |z 2 |s 4796 | ||
| 100 | 1 | |a Lukas, Liina | |
| 245 | 0 | 0 | |a Das Baltikum literarisch - hier oder woanders? Die Raumgestaltung estnischer und baltischer Literatur am Beispiel von Eduard von Keyserling und Jaan Oks |
| 264 | 0 | |c 2007 | |
| 773 | 0 | 8 | |i In |t Baltisches Welterlebnis |d Heidelberg : Winter, 2007 |h 586 S., Ill. |z 9783825353766 |z 3825353761 |g (2007), Seite 253-268, Abb. |w (DE-603)190652160 |
| 924 | 0 | |9 2080 |a (DE-603)78782271X |b DE-2080 |c HES |d d |g / | |


